000 02695nam a2200289Ia 4500
003 CO-CtgCURN
005 20250410210047.0
008 240905s2022 xx 000 0 und d
020 _a9789584980779
040 _aCO-CtgCURN
_bspa
_ccoctgcurn
082 _a158.35
_bJ33
100 _aJandette Chávez, María Esther
_eautora
245 0 _aOtra yo vive en ti :
_bconstelaciones familiares : reconoce tu historia, libera tu pasado, vive tu presente /
_cMaría Esther Jandette Chávez, Marianela Vallejo Valencia; prólogo., María Burger del Castillo
250 _a1 edición
260 _aBogotá, Colombia :
_bEditorial Letras Vivas,
_c2022
300 _a141 páginas ;
_c24 centímetros
500 _aIncluye introducción, epílogo, prólogo e índice
505 _aCap. I. Episodio 1. Constelación familiar para Sevgi -- Cap. II. Episodio 2. Constelación familiar para Leyla -- Cap. III. Episodio 3. Constelación, familiar para Ada -- Cap. IV. Episodio 4. Constelación familiar para Selim -- Cap. V. Episodio 5. Constelación familiar para Toprak -- Cap. VI. Episodio 6. Constelación individual para Ada -- Cap. VII. Episodio 7. Grupo Nómada -- Cap. VIII. Episodio 8. Escena de Ada Y Toprak -- Cap. IX. Conclusiones -- Abrazando nuevas comprensiones.
520 _aNos permitimos recordar el tercer nivel de consciencia: el de unidad, que nos entrega el maestro Bert Hellinger, padre de las Constelaciones Familiares, después de haber trascendido el personal, que excluye lo considerado fuera de la norma familiar, y el nivel colectivo de mayor amplitud; se expande la conciencia, que incluye a todos sin excepción, en la unidad que nos cobija, a la vez que señala el equilibrio entre lo que damos y lo que recibimos. Es decir, los llamados Ordenes del amor: pertenencia, orden, equilibrio, cuya alteración induce el no honrar y transmutar lo transgeneracional, gestado fuera de estos ordenes, en su intento por nivelarse a través de las siguientes generaciones hasta un emergente de las historias que han detenido el libre flujo de la energía, llevados sobre si mismo los síntomas que condensan los impactos y nudos transgeneracional, aun presentes a través de dichas alteraciones y síntomas, es factible tomar un camino de solución en una nueva reorientación y un nuevo orden a través de las constelaciones familiares.
521 _aAREA BASICA
590 _aTodos los programas académicos
650 _aOrientación psicológica
700 _aBurger del Castillo, María
_eprólogo
700 _aVallejo Valencia, Marianela
_eautora
942 _cBK
_h158.35
_iJ33
_2ddc
_n0
999 _c30847
_d30847